000 00373nam a22001337a 4500
005 20170828150756.0
020 _a8170002923
_c750.00
035 _aB-058898
037 _aDPL
_bENG
245 _aManagement of libraries in the 21st century /
260 _aNew Delhi
_bEss Ess Publications
_c2000
300 _a337p.
_c18 cms.
942 _2ddc
_cEN
_h020.6
_mMAN
999 _c63431
_d63431